[Event "Miedzyzdroje OB Seniors 24th"]
[Site "Miedzyzdroje"]
[Date "2016.06.22"]
[Round "6"]
[White "Unger, Lothar"]
[Black "Karamucki, Henryk"]
[Result "1-0"]
[WhiteElo "1587"]
[BlackElo "1329"]
[PlyCount "83"]
[EventDate "2016.06.17"]
[EventType "swiss"]
[EventRounds "9"]
[EventCountry "POL"]
[SourceTitle "EXT 2019"]
[Source "ChessBase"]
[SourceDate "2018.10.10"]
[SourceVersion "1"]
[SourceVersionDate "2018.10.10"]
[SourceQuality "1"]

1. d4 f5 2. c4 Nf6 3. Nc3 e6 4. Nf3 Bb4 5. Bd2 0-0 6. g3 a6 7. Bg2 Ne4 8. Nxe4 Bxd2+ 9. Nexd2 d5 10. cxd5 exd5 11. Qb3 c6 12. e3 Nd7 13. 0-0 Kh8 14. Qc2 Nb6 15. a4 a5 16. b3 Bd7 17. Ne5 Be8 18. Qc5 Bh5 19. Bf3 Bf7 20. Nxf7+ Rxf7 21. Bg2 Nd7 22. Qc2 Qe7 23. Bh3 g6 24. Rac1 Nf8 25. Nf3 Ne6 26. Ne5 Rf6 27. f4 Nc7 28. Qc5 Qd8 29. Qb6 Qc8 30. Qc5 Qd8 31. Bg2 Na6 32. Qc2 Nb4 33. Qb1 Qd6 34. Nd3 Na6 35. Rf2 Rb8 36. Bf1 Nc7 37. b4 Qd8 38. bxa5 Ne6 39. Rb2 Qxa5 40. Rxb7 Rbf8 41. Ne5 Rd8 42. Nf7+ 1-0

[Event "Miedzyzdroje OB Seniors 23rd"]
[Site "Miedzyzdroje"]
[Date "2015.06.19"]
[Round "3"]
[White "Karamucki, Henryk"]
[Black "Unger, Lothar"]
[Result "0-1"]
[WhiteElo "1412"]
[BlackElo "1620"]
[PlyCount "48"]
[EventDate "2015.06.17"]
[EventType "swiss"]
[EventRounds "8"]
[EventCountry "POL"]
[SourceTitle "EXT 2018"]
[Source "ChessBase"]
[SourceDate "2017.10.13"]
[SourceVersion "1"]
[SourceVersionDate "2017.10.13"]
[SourceQuality "1"]

1. f4 Nf6 2. Nf3 d5 3. e3 g6 4. d4 Bg7 5. Bd3 0-0 6. 0-0 Bg4 7. Bd2 Ne4 8. Qe1 Nxd2 9. Qxd2 Bxf3 10. Rxf3 c5 11. c3 c4 12. Bc2 f5 13. b3 b5 14. bxc4 bxc4 15. Qd1 Qd6 16. Nd2 Nd7 17. Kh1 Rfb8 18. Rb1 Qa3 19. Rxb8+ Rxb8 20. Bb1 Qxc3 21. e4 Qxd4 22. exf5 Rb2 23. Bc2 Rxa2 24. Qe2 Rxc2 0-1

[Event "Miedzyzdroje OB Seniors 23rd"]
[Site "Miedzyzdroje"]
[Date "2015.06.17"]
[Round "1"]
[White "Will, Wolfgang"]
[Black "Unger, Lothar"]
[Result "1-0"]
[WhiteElo "1932"]
[BlackElo "1620"]
[PlyCount "59"]
[EventDate "2015.06.17"]
[EventType "swiss"]
[EventRounds "8"]
[EventCountry "POL"]
[SourceTitle "EXT 2018"]
[Source "ChessBase"]
[SourceDate "2017.10.13"]
[SourceVersion "1"]
[SourceVersionDate "2017.10.13"]
[SourceQuality "1"]

1. e4 e5 2. Nf3 Nc6 3. Bc4 Nge7 4. Nc3 h6 5. d3 d6 6. Be3 b6 7. Nh4 Na5 8. Bb3 Nxb3 9. axb3 Bb7 10. 0-0 Nc6 11. Nf3 Be7 12. Qd2 Qd7 13. Nd5 0-0-0 14. b4 Nd4 15. Nxe7+ Qxe7 16. Bxd4 exd4 17. Nxd4 Qf6 18. Qc3 c5 19. bxc5 dxc5 20. Nb5 Qxc3 21. Nxc3 a5 22. b3 Rhe8 23. f4 f6 24. f5 h5 25. Rf4 Rh8 26. Raf1 Kb8 27. R1f3 Rh7 28. Rh4 Rg8 29. Rfh3 Rgh8 30. g4 1-0

[Event "Schleswig Holstein-ch Seniors op"]
[Site "Buesum"]
[Date "2014.10.02"]
[Round "8"]
[White "Schumacher, Ursula"]
[Black "Unger, Lothar"]
[Result "1-0"]
[WhiteElo "1689"]
[BlackElo "1684"]
[PlyCount "63"]
[EventDate "2014.09.25"]
[EventType "swiss"]
[EventRounds "9"]
[EventCountry "GER"]
[SourceTitle "EXT 2018"]
[Source "ChessBase"]
[SourceDate "2017.10.13"]
[SourceVersion "1"]
[SourceVersionDate "2017.10.13"]
[SourceQuality "1"]

1. c4 e5 2. Nc3 Nf6 3. Nf3 Nc6 4. g3 g6 5. Bg2 Bg7 6. d4 exd4 7. Nxd4 Nxd4 8. Qxd4 0-0 9. Qd3 c6 10. 0-0 d6 11. e4 Be6 12. Be3 Re8 13. Rad1 Bf8 14. b3 a6 15. Bf4 Ng4 16. Bxd6 Bxd6 17. Qxd6 Qf6 18. Qd2 Rad8 19. Qc2 Rxd1 20. Rxd1 Rd8 21. Rxd8+ Qxd8 22. Qd1 Qf6 23. Qd2 b5 24. cxb5 axb5 25. h3 Ne5 26. Qe3 Kg7 27. Kh2 Bd7 28. f4 Ng4+ 29. hxg4 Bxg4 30. e5 Qe6 31. Ne4 Bd1 32. Nc5 1-0

[Event "Schleswig Holstein-ch Seniors op"]
[Site "Buesum"]
[Date "2014.09.27"]
[Round "3"]
[White "Unger, Lothar"]
[Black "Geibel, Henning"]
[Result "1-0"]
[WhiteElo "1684"]
[BlackElo "1464"]
[PlyCount "65"]
[EventDate "2014.09.25"]
[EventType "swiss"]
[EventRounds "9"]
[EventCountry "GER"]
[SourceTitle "EXT 2018"]
[Source "ChessBase"]
[SourceDate "2017.10.13"]
[SourceVersion "1"]
[SourceVersionDate "2017.10.13"]
[SourceQuality "1"]

1. d4 d5 2. Nf3 e6 3. e3 a6 4. c4 Nf6 5. Nc3 Bb4 6. Bd2 0-0 7. c5 b6 8. a3 Bxc3 9. Bxc3 bxc5 10. dxc5 Ne4 11. Qc2 Nxc5 12. Bb4 Ne4 13. Bxf8 Qxf8 14. Bd3 c6 15. Bxe4 dxe4 16. Qxe4 Qd8 17. 0-0 Qf6 18. b4 Ra7 19. Rfd1 h6 20. Qd4 Qxd4 21. Rxd4 Bd7 22. Ne5 f6 23. Nxd7 Nxd7 24. Rad1 Nb6 25. Rd6 Nc4 26. Rxc6 Nxa3 27. Ra1 Nb5 28. Rxe6 Nc3 29. Raxa6 Rd7 30. Rad6 Ra7 31. h3 Nb5 32. Ra6 Rd7 33. Rab6 1-0

[Event "Schleswig Holstein-ch Seniors op"]
[Site "Buesum"]
[Date "2014.09.26"]
[Round "2"]
[White "Aigner, Georg"]
[Black "Unger, Lothar"]
[Result "1-0"]
[WhiteElo "1883"]
[BlackElo "1684"]
[PlyCount "75"]
[EventDate "2014.09.25"]
[EventType "swiss"]
[EventRounds "9"]
[EventCountry "GER"]
[SourceTitle "EXT 2018"]
[Source "ChessBase"]
[SourceDate "2017.10.13"]
[SourceVersion "1"]
[SourceVersionDate "2017.10.13"]
[SourceQuality "1"]

1. e4 e5 2. Nf3 g6 3. Bc4 Bg7 4. d3 h6 5. Nc3 d6 6. Be3 Nc6 7. h3 Nf6 8. Qd2 Qe7 9. Nd5 Qd8 10. Bb3 Nxd5 11. exd5 Ne7 12. Qb4 b6 13. c4 0-0 14. Bc2 a5 15. Qd2 Nf5 16. 0-0 Nxe3 17. Qxe3 Re8 18. Rab1 Bd7 19. a4 f5 20. Rfe1 f4 21. Qd2 Bf5 22. Nh2 Qg5 23. Kh1 h5 24. Re2 Bh6 25. Rbe1 Kh7 26. d4 Bxc2 27. Qxc2 Bg7 28. Nf3 Qf5 29. Qxf5 gxf5 30. dxe5 dxe5 31. Nxe5 Bxe5 32. Rxe5 Rxe5 33. Rxe5 Kg6 34. Kg1 Kf6 35. Re6+ Kg5 36. Kf1 Rd8 37. Ke2 Rd6 38. Kf3 1-0